000 nam a22 a 4500
999 _c3810
_d3810
005 20170524090617.0
008 170524b1987 - ||||| |||| 00| 0 eng d
020 _a0070280630
040 _aAKMAL
082 _a796.50924 HEM
090 _a796.50924
_bHEM
245 _aMISADVENTURES OF A FLY FISHERMAN
_cJACK HEMINGWAY
260 _aUNITED STATES OF AMERICA
_bMcGRAW-HILL
_c1987
300 _a326pg,;
_c20 cm
650 _aFISHING
_97445
942 _2ddc
_cBOOK